000 00870cam a2200337 c 4500
001 a50642
003 DO-SdBNP
005 20221108125417.0
007 a50642
008 110614s2011 sp | |||| 000 f spa
015 _a
017 _a
_b
020 _a9788466315739
035 _a
040 _aBPMSU
_bspa
_cBPMSU
_e
080 _a
082 4 _a839.736
_bM346s 2011
_222
100 1 _aMarklund, Liza
_d1962-
245 1 0 _aStudio sex /
_cLiza Marklund ; traducción de Carlos del Valle
_h
250 _a
260 _a[Madrid] :
_bPunto de Lectura,
_c2011.
300 _a395 p. ;
_c22 cm
490 0 _aPunto de lectura
_v477/1
500 _a
590 _6Inventariado, 2022/VM
650 4 _aNovela sueca.
650 4 _aPeriodismo
_vNovela.
700 1 _aValle Rodríguez, Carlos del
_etr.
910 _aVMateo V. /Validado
942 _2ddc
_cBK
999 _c10835
_d10835